|
|
|
|
| LEADER |
00000nam a2200000 a 4500 |
| 001 |
vtls001094962 |
| 003 |
SK-MaSNL |
| 005 |
20260323140608.0 |
| 008 |
250414s1985 xo 10 slo |
| 015 |
|
|
|a SNBA1985/08
|
| 035 |
|
|
|a SNK000037804
|
| 035 |
|
|
|a urn:nbn:sk:snk-amydgv
|
| 035 |
|
|
|a urn:nbn:sk:snk-am00cgnc
|
| 035 |
|
|
|a DDFD16DD-251C-4F38-814D-86823C9B6B92
|
| 040 |
|
|
|a SNK
|b slo
|c SNK
|e AACR2
|
| 041 |
0 |
|
|a slo
|
| 044 |
|
|
|a xo
|c SK
|
| 080 |
|
|
|a 002+007.52(082)
|2 1981
|
| 080 |
|
|
|a 007.52(082)
|2 1981
|
| 080 |
|
|
|a 007+004
|2 2011
|
| 080 |
|
|
|a 007.52
|2 2011
|
| 080 |
|
|
|a 004.891
|2 2011
|
| 245 |
0 |
0 |
|a Informatika a umelá inteligencia
|c Jana Melicherčíková
|
| 250 |
|
|
|a 1. vyd.
|
| 260 |
|
|
|a Bratislava
|b Dom techniky ČSVTS
|c 1985
|e Bratislava
|f Dom techniky ČSVTS
|
| 300 |
|
|
|a 132 s., 6,405 AH
|b Sch.
|c 20 cm
|
| 366 |
|
|
|e 165 výtl.
|
| 500 |
|
|
|a Lit. 103. Čl. aj čes. Pre účast. podujatia a pre služobnú potrebu podnikov. Publ. je predajná iba soc. organ. Rozmn. 103 zázn. v slov., češ., ruš. a angl.
|
| 650 |
0 |
7 |
|a informatika
|2 SNKPH
|9 1124
|
| 650 |
0 |
7 |
|a expertné systémy
|2 SNKPH
|9 1831
|
| 650 |
0 |
7 |
|a robotika
|2 SNKPH
|9 15115
|
| 655 |
|
7 |
|a zborníky
|2 SNKPH
|9 70165
|
| 700 |
1 |
|
|a Melicherčíková, Jana
|4 oth
|9 276647
|
| 852 |
|
|
|a Slovenská národná knižnica
|
| 954 |
|
|
|a odborná, vedecká literatúra pôvodná (slovenská)
|2 lita
|
| 958 |
|
|
|a OND
|
| 958 |
|
|
|a [NB103]
|
| 958 |
|
|
|a CZ
|
| 958 |
|
|
|a NB
|
| 958 |
|
|
|a RM
|
| 958 |
|
|
|a KL
|
| 999 |
|
|
|c 706449
|d 708379
|
| 952 |
|
|
|t P60, <03>, [BOOK], {603}
|a SNK
|b SNK
|y PREZ
|7 0
|p 17A0109118
|o snkSD 56897
|0 0
|1 0
|4 0
|d 1997-11-17
|f 1
|l 0
|r 2004-12-31 00:00:00
|w 2026-02-23
|